00773nam a2200277Ia 450000500170000000800460001702000180006303700100008104000080009104000080009904000080010704100080011504100080012308400080013110000300013924500460016924500600021526000230027526000090029836500050030736500080031285600530032094200100037399900210038395200910040420260324124839.0008 260324s9999 xx 000 0 eng d a9780203883952 aEBOOK aCRL beng cCRL 2eng aeng qCRL aDewey M. Clayton91175722 4aThe Presidential Campaign of Barack Obama 2bA Critical Analysis of a Racially Transcendent Strategy bTaylor and Francis c2010 a b290 uhttp://www.taylorfrancis.com/books/9780203883952 cEBOOK c1770477d1770477 00104070aCRLbCRLd2026-03-24l0pCL2052658r2026-03-24 12:48:39w2026-03-24yEBOOK